Santo Domingo en la vida de Martí y otros ensayos / (Registro nro. 24243)

Detalles MARC
000 -LEADER
fixed length control field 00668nam a22001937a 4500
003 - CONTROL NUMBER IDENTIFIER
control field DO-CoUTE
005 - DATE AND TIME OF LATEST TRANSACTION
control field 20260527134352.0
008 - FIXED-LENGTH DATA ELEMENTS--GENERAL INFORMATION
fixed length control field 260527b dr ||||| |||| 00| 0 spa d
040 ## - CATALOGING SOURCE
Original cataloging agency DO-CoUTE
Language of cataloging spa
Transcribing agency DO-CoUTE
082 ## - DEWEY DECIMAL CLASSIFICATION NUMBER
Classification number RD864.44L4535
100 1# - MAIN ENTRY--PERSONAL NAME
Personal name Lebrón Saviñon, Mariano,
Relator term Autor
245 10 - TITLE STATEMENT
Title Santo Domingo en la vida de Martí y otros ensayos /
Statement of responsibility, etc. Mariano Lebrón Saviñon
260 ## - PUBLICATION, DISTRIBUTION, ETC.
Place of publication, distribution, etc. Santo Domingo :
Name of publisher, distributor, etc. Biblioteca Nacional Pedro Henríquez Ureña (BNPHU),
Date of publication, distribution, etc. 2000
300 ## - PHYSICAL DESCRIPTION
Extent 370 Paginas :
Dimensions 22x23cm,
504 ## - BIBLIOGRAPHY, ETC. NOTE
Bibliography, etc. note Incluye referencia bibliográfica e índice.
650 #4 - SUBJECT ADDED ENTRY--TOPICAL TERM
Topical term or geographic name entry element Ensayo
700 1# - ADDED ENTRY--PERSONAL NAME
Personal name Mariano lebrón Saviñón
Relator term Autor
942 ## - ADDED ENTRY ELEMENTS (KOHA)
Source of classification or shelving scheme Dewey Decimal Classification
Koha item type Libros
Existencias
Withdrawn status Lost status Source of classification or shelving scheme Damaged status Not for loan Collection code Home library Current library Shelving location Date acquired Inventory number Total Checkouts Full call number Barcode Date last seen Copy number Price effective from Koha item type
    Dewey Decimal Classification     Colección Dominicana Biblioteca UTECO Biblioteca UTECO En el Carrito 05/27/2026 022723   RD864.44L4535 022723 05/27/2026 Ej.1 05/27/2026 Libros
© 2021 Derechos Reservados UTECO - Teléfono: +1 809-585-2291 - Correo electrónico: biblioteca@uteco.edu.do​  
Código postal 43000 ​​
Dirección: Avenida Universitaria No. 100, 
Cotuí, Provincia Sánchez Ramírez, República Dominicana - RNC: 404-00059-6